Normale Ansicht MARC-Ansicht ISBD

Auf Deutschlands politischem Forum : (Titelsatznr. 8198)

[ MARC ]
MARC-Details
000 -Satzkennung
Kontrollfeld mit fester Länge 00466nam a22001571c 4500
001 - Kontrollnummer
Kontrollfeld a987684095
008 - Feld mit fester Länge zur physischen Beschreibung - Allgemeine Angaben
Kontrollfeld mit fester Länge 051017s1963 gw |||| 000u ger d
041 ## - Sprachcode
Sprachcode des Textes/der Tonspur oder des separaten Titels ger
040 ## - Katalogisierungsquelle
Übertragungsstelle RU-10907106
003 - Kontrollnummer Identifier
Kontrollfeld RU-10907106
100 1# - Haupteintragung - Personenname
Personenname Eyck, Erich
245 00 - Titel
Titel Auf Deutschlands politischem Forum :
Zusatz zum Titel deutsche Parlamentarier und Studien zur neuesten deutschen Geschichte /
Verfasserangabe etc. Erich Eyck
264 ## - Produktion, Veröffentlichung, Distribution, Herstellung und Urheberrechtsvermerk
Herstellungs-, Veröffentlichungs- Vertriebs-, Erzeugungsort Erlenbach-Zürich u.a. :
Produzent, Herausgeber, Distributor, Hersteller Rentsch,
Datum der Herstellung, der Veröffentlichung, des Vertriebs oder des Urheberschutzvermerks 1963
300 ## - Physische Beschreibung
Umfang 183 S.
942 ## - Zusätzliche Felder (Koha)
Koha-Medientyp Monographien
Exemplare
Ausgeschieden Verloren Klassifikation oder Aufstellungssystematik Beschädigt Nicht entleihbar Heimatbibliothek Aufenthaltsbibliothek Aufstellungsort Erwerbungsdatum Inventarnummer Signatur Barcode Letzte Aktivität Preis gültig von Koha-Medientyp
    Andere/Generische Klassifikation     MWN Osteuropa MWN Osteuropa Lesesaal - 1 17/10/2005 05-06247 D 44 ee Eyck E0040150790EA049 22/02/2021 22/03/2021 Monographien